| 000 | 01083nam a2200289 a 4500 | ||
|---|---|---|---|
| 001 | ocn922911272 | ||
| 005 | 20170608111011.0 | ||
| 008 | 1 s2016 onc gr 000 0 eng d | ||
| 020 | _a9781571747396 | ||
| 020 | _a1571747397 | ||
| 035 | _a(OCoLC)922911272 | ||
| 040 |
_aCo-BoUCM _bspa _cEdgar Pinilla _dEdgar Pinilla |
||
| 100 | 1 |
_aBstan-ʼdzin-rgya-mtsho _cDalai Lama XIV _d1935- _979601 |
|
| 245 | 1 | 4 |
_aThe Dalai Lama's big book of happiness _bhow to live in freedom, compassion, and love _cHis Holiness the Dalai Lama ; edited by Renuka Singh |
| 260 |
_a[Kitchener (Ontario, Canada)] _bHampton Roads _c2016 |
||
| 300 | _axi, 272 páginas | ||
| 650 | 0 | 4 |
_aBudismo _910234 |
| 650 | 0 | 4 |
_aFelicidad _xAspectos religiosos _979602 |
| 650 | 0 | 4 |
_aCompasión _xAspectos religiosos _979603 |
| 650 | 0 | 4 |
_aConducta (Ética) _911510 |
| 650 | 0 | 4 |
_aBudismo tibetano _979604 |
| 690 | 0 |
_aFilosofía de la religión _915775 |
|
| 700 | 1 |
_aSingh, Renuka _d1953- _eeditor _979605 |
|
| 942 |
_2DEWEY _cLIBRO _a4 _e1 _h294.3 _mB916 _n0 |
||
| 041 | _aeng | ||
| 999 |
_c304316 _d304316 |
||